000 00539cam a22002051 4500
001 af 48003004
003 DLC
005 20260227110859.0
008 890411s1940 gw 000 0 ger c
010 _aaf 48003004
035 _a(OCoLC)19534226
040 _aYale Univ. Library
_cCU
_dDLC
042 _apremarc
050 0 0 _aPT2647.I867
_bQ4
082 _a833.91
100 1 _aWittko, Kurt.
245 1 0 _aQuerkopf;
_bein Pferdeleben
_c[von] H.v.d. Achen [pseud.]
260 _aBerlin,
_bO. Schlegel
_c[c1940]
300 _a231 p.
_c20 cm.
999 _c5346
_d5346